000
00310nam a2200145Ia 4500
005
20260530142554.0
082
_a
616.01
_b
M13S
100
_a
SOOD, SEEMA
245
_a
MICROBIOLOGY FOR NURSES
250
_a
3RD
260
_b
ELSEVIER
_a
INDIA
_c
2013
300
_a
363
650
_a
MICROBIOLOGY
942
_2
ddc
_c
BK
999
_c
2146
_d
2146